Catalog

Record Details

Catalog Search



The bounty : a Fox and O'Hare novel  Cover Image Book Book

The bounty : a Fox and O'Hare novel / Janet Evanovich and Steve Hamilton.

Summary:

"Straight as an arrow special agent Kate O'Hare and international con man Nick Fox have brought down some of the biggest criminals out there. But now they face their most dangerous foe yet--a vast, shadowy, international organization known only as the Brotherhood. Directly descended from the Vatican Bank priests who served Hitler during World War II, the Brotherhood is on a frantic search for a lost train loaded with $30 billion in Nazi gold, untouched for over seventy-five years somewhere in the mountains of Eastern Europe. Kate and Nick know that there is only one man who can find the fortune and bring down the Brotherhood -- the same man who taught Nick everything he knows -- his father, Quentin. As the stakes get higher, they must also rely on Kate's own father, Jake, a retired Special Forces operative who proves to be every bit as stubborn as his daughter. These four have all the skills needed to complete the mission, if they can just survive each other. From a remote monastery in the Swiss Alps to the lawless desert of the Western Sahara, Kate, Nick, and the two men who made them who they are today must crisscross continents in a desperate scramble to stop their deadliest foe in the biggest adventure of their lives..."--Publisher.

Record details

  • ISBN: 9781982157135
  • ISBN: 1982157135
  • Physical Description: 313 pages ; 24 cm.
  • Edition: First Atria Books hardcover edition.
  • Publisher: New York : Atria Books, 2021.
Subject: O'Hare, Kate (Fictitious character) > Fiction.
Fox, Nicolas > Fiction.
United States. Federal Bureau of Investigation > Officials and employees > Fiction.
Government investigators > Fiction.
Swindlers and swindling > Fiction.
Women detectives > Fiction.
Fathers and sons > Fiction.
Missing persons > Fiction.
Treasure troves > Fiction.
Man-woman relationships > Fiction.
Europe > Fiction.
Genre: Humorous fiction.
Detective and mystery fiction.

Available copies

  • 2 of 2 copies available at scottsboropl.

Holds

  • 0 current holds with 2 total copies.
Show Only Available Copies
Location Call Number / Copy Notes Barcode Shelving Location Status Due Date
scottsboropl F Eva 32269001159584 Adult - Fiction Available -
scottsboropl F Eva 32269001172835 Storage - Adult Available -

LDR 03302cam a2200553Ii 4500
001155378
003SBPL
00520220816164030.0
008210310t20212021nyu e 000 1 eng d
020 . ‡a9781982157135 ‡q(hardcover)
020 . ‡a1982157135 ‡q(hardcover)
035 . ‡a(OCoLC)1241093756
043 . ‡an-us---
05014. ‡aPS3555.V2126 ‡bB68 2021
08204. ‡a813/.54 ‡223
1001 . ‡aEvanovich, Janet, ‡eauthor.
24514. ‡aThe bounty : ‡ba Fox and O'Hare novel / ‡cJanet Evanovich and Steve Hamilton.
250 . ‡aFirst Atria Books hardcover edition.
264 1. ‡aNew York : ‡bAtria Books, ‡c2021.
300 . ‡a313 pages ; ‡c24 cm.
336 . ‡atext ‡btxt ‡2rdacontent
337 . ‡aunmediated ‡bn ‡2rdamedia
338 . ‡avolume ‡bnc ‡2rdacarrier
4901 . ‡aThe Fox and O'Hare novel ; ‡vBk 7
520 . ‡a"Straight as an arrow special agent Kate O'Hare and international con man Nick Fox have brought down some of the biggest criminals out there. But now they face their most dangerous foe yet--a vast, shadowy, international organization known only as the Brotherhood. Directly descended from the Vatican Bank priests who served Hitler during World War II, the Brotherhood is on a frantic search for a lost train loaded with $30 billion in Nazi gold, untouched for over seventy-five years somewhere in the mountains of Eastern Europe. Kate and Nick know that there is only one man who can find the fortune and bring down the Brotherhood -- the same man who taught Nick everything he knows -- his father, Quentin. As the stakes get higher, they must also rely on Kate's own father, Jake, a retired Special Forces operative who proves to be every bit as stubborn as his daughter. These four have all the skills needed to complete the mission, if they can just survive each other. From a remote monastery in the Swiss Alps to the lawless desert of the Western Sahara, Kate, Nick, and the two men who made them who they are today must crisscross continents in a desperate scramble to stop their deadliest foe in the biggest adventure of their lives..."--Publisher.
60010. ‡aO'Hare, Kate ‡c(Fictitious character) ‡vFiction.
60010. ‡aFox, Nicolas ‡vFiction.
61010. ‡aUnited States. ‡bFederal Bureau of Investigation ‡xOfficials and employees ‡vFiction.
650 0. ‡aGovernment investigators ‡vFiction.
650 0. ‡aSwindlers and swindling ‡vFiction.
650 0. ‡aWomen detectives ‡vFiction.
650 0. ‡aFathers and sons ‡vFiction.
650 0. ‡aMissing persons ‡vFiction.
650 0. ‡aTreasure troves ‡vFiction.
650 0. ‡aMan-woman relationships ‡vFiction.
651 0. ‡aEurope ‡vFiction.
655 7. ‡aHumorous fiction. ‡2lcgft
655 7. ‡aDetective and mystery fiction. ‡2lcgft
7001 . ‡aHamilton, Steve, ‡d1961- ‡eauthor.
8001 . ‡aEvanovich, Janet. ‡tFox and O'Hare novels ; ‡v Bk 7.
901 . ‡a155378 ‡b ‡c155378 ‡tbiblio

Additional Resources